[Event "Russian Championship (Rapid, Men)"]
[Site "Sochi"]
[Date "2018.10.06"]
[Round "11.3"]
[White "Tomashevsky, Evgeny"]
[Black "Grachev, Boris"]
[Result "1-0"]
[BlackElo "2667"]
[WhiteElo "2726"]
[LiveChessVersion "1.4.8"]

1. c4 {[%clk 0:15:18]} e6 {[%clk 0:15:18]} 2. Nc3 {[%clk 0:15:20]} d5
{[%clk 0:15:27]} 3. d4 {[%clk 0:15:28]} Nf6 {[%clk 0:15:34]} 4. cxd5
{[%clk 0:15:31]} exd5 {[%clk 0:15:43]} 5. Bg5 {[%clk 0:15:39]} c6
{[%clk 0:15:50]} 6. e3 {[%clk 0:15:46]} Nbd7 {[%clk 0:15:26]} 7. Bd3
{[%clk 0:15:37]} Be7 {[%clk 0:15:30]} 8. Qc2 {[%clk 0:15:36]} Nf8
{[%clk 0:15:01]} 9. Nf3 {[%clk 0:15:19]} Ne6 {[%clk 0:14:59]} 10. Bh4
{[%clk 0:15:23]} g6 {[%clk 0:15:03]} 11. O-O {[%clk 0:15:10]} Ng7
{[%clk 0:15:01]} 12. b4 {[%clk 0:14:34]} a6 {[%clk 0:14:58]} 13. Rab1
{[%clk 0:10:53]} Bf5 {[%clk 0:14:49]} 14. a4 {[%clk 0:10:57]} Bxd3
{[%clk 0:13:39]} 15. Qxd3 {[%clk 0:11:05]} Nf5 {[%clk 0:13:47]} 16. Bxf6
{[%clk 0:10:47]} Bxf6 {[%clk 0:13:56]} 17. b5 {[%clk 0:10:56]} axb5
{[%clk 0:13:00]} 18. axb5 {[%clk 0:11:05]} O-O {[%clk 0:13:07]} 19. bxc6
{[%clk 0:11:05]} bxc6 {[%clk 0:13:16]} 20. Ra1 {[%clk 0:11:14]} Qb6
{[%clk 0:11:49]} 21. g3 {[%clk 0:08:38]} Rfb8 {[%clk 0:10:02]} 22. Qc2
{[%clk 0:06:56]} Nd6 {[%clk 0:09:28]} 23. Nd2 {[%clk 0:06:34]} Rxa1
{[%clk 0:07:36]} 24. Rxa1 {[%clk 0:06:43]} Qb2 {[%clk 0:07:08]} 25. Ra2
{[%clk 0:06:47]} Qxc2 {[%clk 0:07:08]} 26. Rxc2 {[%clk 0:06:55]} Rb4
{[%clk 0:06:21]} 27. Na2 {[%clk 0:05:36]} Rb6 {[%clk 0:06:17]} 28. Nc1
{[%clk 0:05:44]} Nb7 {[%clk 0:05:20]} 29. Nd3 {[%clk 0:05:45]} Be7
{[%clk 0:05:12]} 30. Nf3 {[%clk 0:03:21]} f6 {[%clk 0:04:41]} 31. Ra2
{[%clk 0:03:30]} Rb3 {[%clk 0:04:08]} 32. Nf4 {[%clk 0:03:23]} Kf7
{[%clk 0:03:58]} 33. Ra8 {[%clk 0:01:17]} Nd8 {[%clk 0:03:16]} 34. h4
{[%clk 0:01:04]} Rb7 {[%clk 0:02:39]} 35. Kg2 {[%clk 0:01:13]} Ne6
{[%clk 0:02:31]} 36. Nxe6 {[%clk 0:01:19]} Kxe6 {[%clk 0:02:39]} 37. Rc8
{[%clk 0:01:28]} Rb6 {[%clk 0:02:02]} 38. Ne1 {[%clk 0:01:36]} Bd6
{[%clk 0:02:00]} 39. Nf3 {[%clk 0:00:28]} h5 {[%clk 0:01:46]} 40. Ng1
{[%clk 0:00:36]} Ra6 {[%clk 0:01:38]} 41. Ne2 {[%clk 0:00:41]} Ra2
{[%clk 0:01:20]} 42. Nc1 {[%clk 0:00:25]} Ra6 {[%clk 0:01:01]} 43. Nb3
{[%clk 0:00:19]} Ke7 {[%clk 0:00:19]} 44. Kf3 {[%clk 0:00:20]} Ke6
{[%clk 0:00:25]} 45. Nc1 {[%clk 0:00:25]} Ke7 {[%clk 0:00:31]} 46. Nd3
{[%clk 0:00:17]} Ke6 {[%clk 0:00:33]} 47. Nf4+ {[%clk 0:00:17]} Kf5
{[%clk 0:00:21]} 48. Ne2 {[%clk 0:00:16]} Ke6 {[%clk 0:00:29]} 49. Rh8
{[%clk 0:00:20]} Ra7 {[%clk 0:00:26]} 50. Rg8 {[%clk 0:00:21]} Kf7
{[%clk 0:00:29]} 51. Rc8 {[%clk 0:00:29]} Rc7 {[%clk 0:00:34]} 52. Ra8
{[%clk 0:00:37]} Ke6 {[%clk 0:00:31]} 53. Nc1 {[%clk 0:00:39]} Rb7
{[%clk 0:00:25]} 54. Nd3 {[%clk 0:00:47]} Rb3 {[%clk 0:00:26]} 55. Nf4+
{[%clk 0:00:14]} Kf5 {[%clk 0:00:25]} 56. Ne2 {[%clk 0:00:21]} Rb7
{[%clk 0:00:13]} 57. Ra6 {[%clk 0:00:18]} Rc7 {[%clk 0:00:21]} 58. Nc1
{[%clk 0:00:18]} g5 {[%clk 0:00:23]} 59. Nb3 {[%clk 0:00:16]} Bb4
{[%clk 0:00:19]} 60. Rb6 {[%clk 0:00:22]} Bc3 {[%clk 0:00:20]} 61. Nc5
{[%clk 0:00:29]} Ba5 {[%clk 0:00:23]} 62. Rb8 {[%clk 0:00:37]} gxh4
{[%clk 0:00:18]} 63. gxh4 {[%clk 0:00:46]} Rg7 {[%clk 0:00:15]} 64. Rh8
{[%clk 0:00:53]} Kg6 {[%clk 0:00:12]} 65. Rc8 {[%clk 0:00:48]} Rc7
{[%clk 0:00:19]} 66. Rb8 {[%clk 0:00:51]} Re7 {[%clk 0:00:22]} 67. Rc8
{[%clk 0:00:54]} Rc7 {[%clk 0:00:30]} 68. Re8 {[%clk 0:01:02]} Ra7
{[%clk 0:00:17]} 69. Nd3 {[%clk 0:00:51]} Rh7 {[%clk 0:00:11]} 70. Rc8
{[%clk 0:00:24]} Rc7 {[%clk 0:00:13]} 71. Nf4+ {[%clk 0:00:32]} Kh6
{[%clk 0:00:19]} 72. Rg8 {[%clk 0:00:22]} Rf7 {[%clk 0:00:22]} 73. Rh8+
{[%clk 0:00:30]} Kg7 {[%clk 0:00:26]} 74. Rc8 {[%clk 0:00:38]} Ra7
{[%clk 0:00:11]} 75. Rxc6 {[%clk 0:00:45]} Be1 {[%clk 0:00:17]} 76. Nxh5+
{[%clk 0:00:48]} Kg6 {[%clk 0:00:26]} 77. Nxf6 {[%clk 0:00:40]} Rf7
{[%clk 0:00:17]} 78. Ke2 {[%clk 0:00:49]} Ba5 {[%clk 0:00:12]} 79. Nxd5+
{[%clk 0:00:55]} Kh5 {[%clk 0:00:17]} 80. Nf4+ {[%clk 0:00:31]} Kxh4
{[%clk 0:00:21]} 81. Kf3 {[%clk 0:00:39]} Bc7 {[%clk 0:00:26]} 82. Rh6+
{[%clk 0:00:46]} Kg5 {[%clk 0:00:35]} 83. Rg6+ {[%clk 0:00:55]} 1-0

[Event "Russian Championship (Rapid, Men)"]
[Site "Sochi"]
[Date "2018.10.06"]
[Round "11.4"]
[White "Matlakov, Maxim"]
[Black "Demchenko, Anton"]
[Result "0-1"]
[BlackElo "2620"]
[WhiteElo "2678"]
[LiveChessVersion "1.4.8"]

1. d4 {[%clk 0:15:18]} Nf6 {[%clk 0:15:17]} 2. c4 {[%clk 0:15:27]} d6
{[%clk 0:15:15]} 3. Nf3 {[%clk 0:15:31]} g6 {[%clk 0:15:23]} 4. g3
{[%clk 0:15:39]} Bg7 {[%clk 0:15:32]} 5. Nc3 {[%clk 0:15:35]} O-O
{[%clk 0:15:38]} 6. Bg2 {[%clk 0:15:43]} Nbd7 {[%clk 0:15:43]} 7. O-O
{[%clk 0:15:50]} e5 {[%clk 0:15:51]} 8. e4 {[%clk 0:15:57]} exd4 {[%clk 0:15:56]}
9. Nxd4 {[%clk 0:16:05]} Re8 {[%clk 0:16:05]} 10. h3 {[%clk 0:15:51]} Nc5
{[%clk 0:16:13]} 11. Re1 {[%clk 0:15:52]} Bd7 {[%clk 0:16:22]} 12. Rb1
{[%clk 0:15:47]} h6 {[%clk 0:15:55]} 13. f3 {[%clk 0:14:00]} a6 {[%clk 0:14:27]}
14. Be3 {[%clk 0:13:43]} Rb8 {[%clk 0:13:47]} 15. Qd2 {[%clk 0:13:39]} h5
{[%clk 0:13:50]} 16. b4 {[%clk 0:12:36]} Na4 {[%clk 0:13:27]} 17. Nxa4
{[%clk 0:11:28]} Bxa4 {[%clk 0:13:36]} 18. Ne2 {[%clk 0:11:35]} Bd7
{[%clk 0:12:33]} 19. Rbd1 {[%clk 0:11:35]} Qc8 {[%clk 0:12:06]} 20. Nf4
{[%clk 0:11:05]} b5 {[%clk 0:09:12]} 21. c5 {[%clk 0:10:44]} Be6 {[%clk 0:06:49]}
22. cxd6 {[%clk 0:09:24]} cxd6 {[%clk 0:06:59]} 23. Bd4 {[%clk 0:08:42]} Rd8
{[%clk 0:05:12]} 24. Qb2 {[%clk 0:06:42]} Ne8 {[%clk 0:05:20]} 25. Bxg7
{[%clk 0:06:41]} Nxg7 {[%clk 0:05:29]} 26. Rd2 {[%clk 0:06:29]} Qc7
{[%clk 0:05:05]} 27. Qf6 {[%clk 0:06:26]} Rbc8 {[%clk 0:04:44]} 28. Red1
{[%clk 0:04:08]} Qc3 {[%clk 0:03:48]} 29. e5 {[%clk 0:03:52]} d5 {[%clk 0:02:54]}
30. Kh2 {[%clk 0:01:55]} Qxb4 {[%clk 0:02:46]} 31. Nxe6 {[%clk 0:02:01]} Nxe6
{[%clk 0:02:52]} 32. f4 {[%clk 0:02:10]} Rc1 {[%clk 0:01:06]} 33. f5
{[%clk 0:01:11]} gxf5 {[%clk 0:01:13]} 34. Qxf5 {[%clk 0:01:03]} Rxd1
{[%clk 0:01:19]} 35. Rxd1 {[%clk 0:01:12]} h4 {[%clk 0:01:26]} 36. Bxd5
{[%clk 0:00:50]} Qb2+ {[%clk 0:01:13]} 37. Kh1 {[%clk 0:00:42]} hxg3
{[%clk 0:01:08]} 38. Qg4+ {[%clk 0:00:49]} Kf8 {[%clk 0:01:17]} 39. Qxg3 Rxd5
{[%clk 0:01:01]} 40. Rxd5 {[%clk 0:00:58]} Qb1+ 0-1

[Event "Russian Championship (Rapid, Men)"]
[Site "Sochi"]
[Date "2018.10.06"]
[Round "11.5"]
[White "Morozevich, Alexander"]
[Black "Esipenko, Andrey"]
[Result "0-1"]
[BlackElo "2605"]
[WhiteElo "2672"]
[LiveChessVersion "1.4.8"]

1. e4 {[%clk 0:15:16]} c6 {[%clk 0:15:18]} 2. d4 {[%clk 0:15:17]} d5
{[%clk 0:15:26]} 3. e5 {[%clk 0:15:25]} Bf5 {[%clk 0:15:34]} 4. h4
{[%clk 0:15:33]} h5 {[%clk 0:15:42]} 5. Bd3 {[%clk 0:15:42]} Bxd3
{[%clk 0:15:50]} 6. Qxd3 {[%clk 0:15:50]} Qa5+ {[%clk 0:15:59]} 7. Nc3
{[%clk 0:15:24]} e6 {[%clk 0:15:58]} 8. Bg5 {[%clk 0:15:29]} Qa6 {[%clk 0:15:50]}
9. Qh3 {[%clk 0:15:33]} Ne7 {[%clk 0:15:06]} 10. O-O-O {[%clk 0:15:01]} Nf5
{[%clk 0:14:54]} 11. Kb1 {[%clk 0:14:51]} Nd7 {[%clk 0:11:59]} 12. Nge2
{[%clk 0:14:59]} g6 {[%clk 0:11:09]} 13. Nf4 {[%clk 0:14:27]} Be7
{[%clk 0:06:41]} 14. Bxe7 {[%clk 0:10:15]} Nxe7 {[%clk 0:06:47]} 15. Nce2
{[%clk 0:10:16]} O-O-O {[%clk 0:04:56]} 16. Rhe1 {[%clk 0:06:39]} Kb8 17. Ng1 Nf5
{[%clk 0:04:32]} 18. Nf3 {[%clk 0:06:46]} c5 {[%clk 0:03:10]} 19. Ng5
{[%clk 0:06:41]} Rhf8 {[%clk 0:03:19]} 20. dxc5 {[%clk 0:06:09]} Nxc5
{[%clk 0:03:19]} 21. Ne2 {[%clk 0:04:44]} d4 {[%clk 0:02:41]} 22. Nc1
{[%clk 0:04:13]} Rd7 {[%clk 0:02:47]} 23. g3 {[%clk 0:03:35]} Rc8
{[%clk 0:02:20]} 24. Qf1 {[%clk 0:03:43]} Qb6 {[%clk 0:02:30]} 25. Nb3
{[%clk 0:03:01]} Nxb3 {[%clk 0:02:37]} 26. axb3 {[%clk 0:03:03]} Rdc7
{[%clk 0:02:45]} 27. Re2 {[%clk 0:02:23]} d3 {[%clk 0:01:52]} 28. Rxd3
{[%clk 0:02:26]} Nd4 {[%clk 0:02:01]} 29. Ne4 {[%clk 0:01:08]} Nxc2
{[%clk 0:01:28]} 30. Nd6 {[%clk 0:00:32]} Nb4 {[%clk 0:01:31]} 31. Nxc8
{[%clk 0:00:19]} Qa5 {[%clk 0:01:37]} 0-1

[Event "Russian Championship (Rapid, Men)"]
[Site "Sochi"]
[Date "2018.10.06"]
[Round "11.6"]
[White "Savchenko, Boris"]
[Black "Oparin, Grigoriy"]
[Result "1/2-1/2"]
[BlackElo "2671"]
[WhiteElo "2652"]
[LiveChessVersion "1.4.8"]

1. e4 {[%clk 0:15:19]} c6 {[%clk 0:15:19]} 2. d4 {[%clk 0:15:10]} d5
{[%clk 0:15:27]} 3. Nc3 {[%clk 0:15:19]} dxe4 {[%clk 0:15:35]} 4. Nxe4
{[%clk 0:15:27]} Nf6 {[%clk 0:15:44]} 5. Nxf6+ {[%clk 0:15:36]} exf6
{[%clk 0:15:52]} 6. c3 {[%clk 0:15:43]} Bd6 {[%clk 0:16:00]} 7. Qc2
{[%clk 0:15:49]} O-O {[%clk 0:16:08]} 8. Bd3 {[%clk 0:15:57]} Re8+
{[%clk 0:16:17]} 9. Ne2 {[%clk 0:16:06]} h5 {[%clk 0:16:25]} 10. Be3
{[%clk 0:15:27]} Nd7 {[%clk 0:16:07]} 11. O-O-O {[%clk 0:15:33]} Nf8
{[%clk 0:16:15]} 12. c4 {[%clk 0:15:41]} Be6 {[%clk 0:15:56]} 13. Nc3
{[%clk 0:15:46]} Bb4 {[%clk 0:15:03]} 14. Ne4 {[%clk 0:15:53]} Rc8
{[%clk 0:14:01]} 15. c5 {[%clk 0:12:06]} Bxa2 {[%clk 0:13:54]} 16. Nd6
{[%clk 0:11:36]} Be6 {[%clk 0:10:21]} 17. Bc4 {[%clk 0:11:08]} Qa5
{[%clk 0:08:54]} 18. Kb1 {[%clk 0:10:34]} Rb8 {[%clk 0:04:03]} 19. Nxe8
{[%clk 0:10:31]} Rxe8 {[%clk 0:04:12]} 20. Bxe6 {[%clk 0:08:01]} Nxe6
{[%clk 0:04:20]} 21. d5 {[%clk 0:08:06]} cxd5 {[%clk 0:04:29]} 22. Rxd5
{[%clk 0:08:12]} b6 {[%clk 0:04:38]} 23. Rhd1 {[%clk 0:07:17]} bxc5
{[%clk 0:03:52]} 24. Rxh5 {[%clk 0:07:24]} g6 {[%clk 0:04:00]} 25. Rhd5
{[%clk 0:07:32]} Rb8 {[%clk 0:03:59]} 26. Qb3 {[%clk 0:04:58]} Qc7
{[%clk 0:02:23]} 27. Rd7 {[%clk 0:04:54]} Qe5 {[%clk 0:02:31]} 28. Qd5
{[%clk 0:04:17]} Bc3 {[%clk 0:02:14]} 29. Qxe5 {[%clk 0:02:54]} fxe5
{[%clk 0:00:43]} 30. Kc2 {[%clk 0:01:55]} Bd4 {[%clk 0:00:52]} 31. b3
{[%clk 0:01:48]} a5 {[%clk 0:00:47]} 32. Rb1 {[%clk 0:00:56]} Rc8
{[%clk 0:00:28]} 33. Rd5 {[%clk 0:00:31]} Nc7 {[%clk 0:00:20]} 34. Rd7
{[%clk 0:00:40]} Ne6 {[%clk 0:00:29]} 35. Kd2 {[%clk 0:00:43]} Rb8
{[%clk 0:00:33]} 36. Ra7 {[%clk 0:00:41]} Rb5 {[%clk 0:00:13]} 37. Kc2
{[%clk 0:00:32]} Kg7 {[%clk 0:00:22]} 38. h4 {[%clk 0:00:36]} c4 {[%clk 0:00:15]}
39. Ra8 {[%clk 0:00:44]} cxb3+ {[%clk 0:00:12]} 40. Rxb3 {[%clk 0:00:53]} Rc5+
{[%clk 0:00:21]} 41. Kd2 {[%clk 0:00:57]} Bxe3+ {[%clk 0:00:27]} 42. Kxe3
{[%clk 0:00:56]} Nd4 {[%clk 0:00:33]} 43. Rb7 {[%clk 0:00:38]} Nf5+
{[%clk 0:00:34]} 44. Kd2 {[%clk 0:00:46]} Nxh4 {[%clk 0:00:27]} 45. g3
{[%clk 0:00:45]} Nf3+ {[%clk 0:00:24]} 46. Kd3 {[%clk 0:00:54]} Ng5
{[%clk 0:00:30]} 47. Raa7 {[%clk 0:00:16]} e4+ {[%clk 0:00:38]} 48. Kd2
{[%clk 0:00:25]} Rf5 {[%clk 0:00:44]} 49. Ke1 {[%clk 0:00:22]} Nh3
{[%clk 0:00:45]} 50. g4 {[%clk 0:00:15]} Rxf2 {[%clk 0:00:44]} 51. Rb3
{[%clk 0:00:24]} Rh2 {[%clk 0:00:31]} 52. Rxa5 {[%clk 0:00:26]} Nf2
{[%clk 0:00:26]} 53. g5 {[%clk 0:00:20]} Nd3+ {[%clk 0:00:35]} 54. Kf1
{[%clk 0:00:28]} Rf2+ {[%clk 0:00:26]} 55. Kg1 {[%clk 0:00:37]} Rf3
{[%clk 0:00:28]} 56. Kh2 {[%clk 0:00:34]} Rf2+ {[%clk 0:00:22]} 57. Kg3
{[%clk 0:00:41]} Rf3+ {[%clk 0:00:30]} 58. Kh2 {[%clk 0:00:46]} e3
{[%clk 0:00:19]} 59. Rxd3 {[%clk 0:00:51]} e2 {[%clk 0:00:28]} 60. Rxf3
{[%clk 0:01:00]} e1=Q {[%clk 0:00:36]} 61. Rfa3 {[%clk 0:01:08]} 1/2-1/2

[Event "Russian Championship (Rapid, Men)"]
[Site "Sochi"]
[Date "2018.10.06"]
[Round "11.7"]
[White "Sarana, Alexey"]
[Black "Sjugirov, Sanan"]
[Result "1/2-1/2"]
[BlackElo "2735"]
[WhiteElo "2612"]
[LiveChessVersion "1.4.8"]

1. e4 {[%clk 0:15:19]} c5 {[%clk 0:15:15]} 2. Nf3 {[%clk 0:15:28]} d6
{[%clk 0:15:03]} 3. d4 {[%clk 0:15:36]} cxd4 {[%clk 0:15:12]} 4. Nxd4
{[%clk 0:15:45]} Nf6 {[%clk 0:15:21]} 5. Nc3 {[%clk 0:15:53]} a6 {[%clk 0:15:30]}
6. Be3 {[%clk 0:16:00]} e6 {[%clk 0:15:22]} 7. g4 {[%clk 0:16:04]} h6
{[%clk 0:15:16]} 8. h4 {[%clk 0:16:10]} Nc6 {[%clk 0:14:53]} 9. Rg1
{[%clk 0:16:06]} h5 {[%clk 0:13:55]} 10. gxh5 {[%clk 0:15:46]} Nxh5
{[%clk 0:13:49]} 11. Nxc6 {[%clk 0:15:11]} bxc6 {[%clk 0:13:57]} 12. Qf3
{[%clk 0:15:19]} Rb8 {[%clk 0:12:43]} 13. O-O-O {[%clk 0:15:24]} g6
{[%clk 0:12:00]} 14. Ba7 {[%clk 0:14:18]} Ra8 {[%clk 0:11:14]} 15. Bd4
{[%clk 0:14:25]} Rh7 {[%clk 0:11:15]} 16. Na4 {[%clk 0:12:00]} Rb8
{[%clk 0:10:23]} 17. e5 {[%clk 0:11:04]} d5 {[%clk 0:10:21]} 18. Qc3
{[%clk 0:09:03]} Bb4 {[%clk 0:09:29]} 19. Qxc6+ {[%clk 0:06:55]} Bd7
{[%clk 0:09:36]} 20. Qxa6 {[%clk 0:07:03]} Ra8 {[%clk 0:09:25]} 21. Qb7
{[%clk 0:07:11]} Rb8 {[%clk 0:09:08]} 22. Qa6 {[%clk 0:07:05]} Ra8
{[%clk 0:07:32]} 23. Qb7 {[%clk 0:07:13]} Rb8 {[%clk 0:05:11]} 24. Qa7
{[%clk 0:07:20]} Ra8 {[%clk 0:05:16]} 25. Qb7 {[%clk 0:07:28]} 1/2-1/2

[Event "Russian Championship (Rapid, Men)"]
[Site "Sochi"]
[Date "2018.10.06"]
[Round "11.8"]
[White "Ponkratov, Pavel"]
[Black "Khanin, Semen"]
[Result "0-1"]
[BlackElo "2523"]
[WhiteElo "2708"]
[LiveChessVersion "1.4.8"]

1. d4 {[%clk 0:15:18]} Nf6 {[%clk 0:15:19]} 2. Bg5 {[%clk 0:15:25]} e6
{[%clk 0:15:25]} 3. Nf3 {[%clk 0:15:29]} h6 {[%clk 0:15:31]} 4. Bh4
{[%clk 0:15:33]} Be7 {[%clk 0:15:35]} 5. Nbd2 {[%clk 0:15:26]} d5
{[%clk 0:15:42]} 6. c4 {[%clk 0:15:32]} O-O {[%clk 0:15:46]} 7. Qc2
{[%clk 0:15:40]} Nbd7 {[%clk 0:15:14]} 8. cxd5 {[%clk 0:15:38]} exd5
{[%clk 0:15:21]} 9. e3 {[%clk 0:15:45]} c5 {[%clk 0:15:15]} 10. dxc5
{[%clk 0:15:50]} Bxc5 {[%clk 0:14:45]} 11. Bd3 {[%clk 0:15:56]} Be7
{[%clk 0:14:53]} 12. O-O {[%clk 0:15:59]} Re8 {[%clk 0:14:37]} 13. Rac1
{[%clk 0:15:56]} Ne4 {[%clk 0:14:13]} 14. Bxe4 {[%clk 0:15:53]} dxe4
{[%clk 0:13:29]} 15. Qxe4 {[%clk 0:15:52]} Nf6 {[%clk 0:12:54]} 16. Qd4
{[%clk 0:15:57]} Qa5 {[%clk 0:13:00]} 17. a3 {[%clk 0:15:26]} Be6
{[%clk 0:13:06]} 18. Qd3 {[%clk 0:13:22]} Bf5 {[%clk 0:12:13]} 19. Qe2
{[%clk 0:13:24]} Rad8 {[%clk 0:12:15]} 20. Nb3 {[%clk 0:13:17]} Qb6
{[%clk 0:11:47]} 21. Nbd4 {[%clk 0:13:16]} Be4 {[%clk 0:11:44]} 22. Rfd1
{[%clk 0:13:21]} a6 {[%clk 0:11:24]} 23. Bg3 {[%clk 0:12:51]} Nd5
{[%clk 0:11:04]} 24. Nd2 {[%clk 0:12:34]} Bg6 {[%clk 0:11:06]} 25. Nc4
{[%clk 0:12:41]} Qf6 {[%clk 0:10:42]} 26. Qf3 {[%clk 0:11:44]} Qxf3
{[%clk 0:09:14]} 27. gxf3 {[%clk 0:11:30]} Bh5 {[%clk 0:09:14]} 28. Kg2
{[%clk 0:11:35]} Bc5 {[%clk 0:09:17]} 29. b4 {[%clk 0:11:24]} Bf8
{[%clk 0:08:58]} 30. Na5 {[%clk 0:11:04]} Rd7 {[%clk 0:08:42]} 31. Nf5
{[%clk 0:10:47]} Red8 {[%clk 0:08:02]} 32. Rd4 {[%clk 0:07:45]} Bg6
{[%clk 0:07:00]} 33. Nd6 {[%clk 0:07:00]} Bxd6 {[%clk 0:06:49]} 34. Rxd5
{[%clk 0:06:57]} Be7 {[%clk 0:06:23]} 35. Rxd7 {[%clk 0:06:45]} Rxd7
{[%clk 0:06:32]} 36. Be5 {[%clk 0:05:37]} Bg5 {[%clk 0:05:48]} 37. Rc8+
{[%clk 0:05:37]} Kh7 {[%clk 0:05:57]} 38. Bd4 {[%clk 0:05:44]} Bd3
{[%clk 0:05:06]} 39. Rb8 {[%clk 0:05:46]} Rd6 {[%clk 0:05:08]} 40. f4
{[%clk 0:01:46]} Bxf4 {[%clk 0:05:10]} 41. exf4 {[%clk 0:01:48]} Rxd4
{[%clk 0:05:15]} 42. Nxb7 {[%clk 0:01:15]} Be4+ {[%clk 0:04:33]} 43. f3
{[%clk 0:00:53]} Rd2+ {[%clk 0:04:41]} 44. Kg3 {[%clk 0:01:03]} Rd3
{[%clk 0:04:49]} 45. Nc5 {[%clk 0:01:12]} Rxf3+ {[%clk 0:04:53]} 46. Kg2
{[%clk 0:01:21]} Rxf4+ {[%clk 0:04:30]} 47. Nxe4 {[%clk 0:01:11]} Rxe4
{[%clk 0:04:38]} 48. Rb6 {[%clk 0:01:20]} a5 {[%clk 0:04:47]} 49. bxa5
{[%clk 0:00:59]} Ra4 {[%clk 0:04:55]} 50. a6 {[%clk 0:01:08]} Rxa3
{[%clk 0:05:03]} 51. h4 {[%clk 0:00:58]} f6 {[%clk 0:04:58]} 52. Kh2
{[%clk 0:00:30]} Kg6 {[%clk 0:05:04]} 53. Kg2 {[%clk 0:00:38]} Kh5
{[%clk 0:05:03]} 54. Rb7 {[%clk 0:00:47]} g6 {[%clk 0:05:11]} 55. Rb6
{[%clk 0:00:55]} f5 {[%clk 0:04:48]} 56. Rc6 {[%clk 0:01:04]} g5 {[%clk 0:04:52]}
57. hxg5 {[%clk 0:01:09]} hxg5 {[%clk 0:05:00]} 58. Kf2 {[%clk 0:00:35]} Kg4
{[%clk 0:05:08]} 59. Ke2 {[%clk 0:00:45]} f4 {[%clk 0:05:15]} 60. Kd2
{[%clk 0:00:51]} Kg3 {[%clk 0:05:17]} 61. Rc3+ {[%clk 0:00:54]} Rxc3
{[%clk 0:05:25]} 62. Kxc3 {[%clk 0:01:03]} f3 {[%clk 0:05:34]} 63. a7
{[%clk 0:00:56]} f2 {[%clk 0:05:43]} 64. a8=Q {[%clk 0:01:04]} f1=Q
{[%clk 0:05:50]} 65. Kb4 {[%clk 0:00:28]} g4 {[%clk 0:05:55]} 66. Kc5
{[%clk 0:00:24]} Qf2+ {[%clk 0:05:43]} 67. Kb5 {[%clk 0:00:31]} Qe2+
{[%clk 0:05:49]} 68. Kc5 {[%clk 0:00:35]} Qe3+ {[%clk 0:05:57]} 69. Kb5
{[%clk 0:00:42]} Kf2 {[%clk 0:06:04]} 70. Qf8+ {[%clk 0:00:45]} Ke2
{[%clk 0:05:55]} 71. Qa8 {[%clk 0:00:23]} g3 {[%clk 0:05:50]} 72. Qg2+
{[%clk 0:00:25]} Ke1 {[%clk 0:05:58]} 73. Ka4 {[%clk 0:00:26]} Qd4+
{[%clk 0:05:02]} 74. Kb5 {[%clk 0:00:23]} Qf2 {[%clk 0:05:01]} 75. Qc6
{[%clk 0:00:19]} Qe2+ {[%clk 0:04:58]} 76. Kb4 {[%clk 0:00:23]} Qd2+
{[%clk 0:04:46]} 77. Ka4 {[%clk 0:00:24]} g2 {[%clk 0:04:21]} 78. Qe4+
{[%clk 0:00:26]} Qe2 {[%clk 0:04:19]} 79. Qh4+ {[%clk 0:00:28]} Kd1
{[%clk 0:02:57]} 80. Qd4+ {[%clk 0:00:33]} Kc2 {[%clk 0:03:00]} 81. Qc5+
{[%clk 0:00:36]} Kd3 {[%clk 0:02:51]} 82. Qd5+ {[%clk 0:00:32]} Ke3
{[%clk 0:02:59]} 83. Qc5+ {[%clk 0:00:41]} Kf4 {[%clk 0:02:49]} 84. Qd6+
{[%clk 0:00:33]} Qe5 {[%clk 0:02:40]} 85. Qd2+ {[%clk 0:00:33]} Kf3
{[%clk 0:02:46]} 86. Qd1+ {[%clk 0:00:36]} Qe2 {[%clk 0:02:44]} 87. Qb3+
{[%clk 0:00:43]} Qe3 {[%clk 0:02:50]} 88. Qd1+ {[%clk 0:00:49]} Kg3
{[%clk 0:02:58]} 0-1

[Event "Russian Championship (Rapid, Men)"]
[Site "Sochi"]
[Date "2018.10.06"]
[Round "11.10"]
[White "Demidov, Mikhail"]
[Black "Timofeev, Artyom"]
[Result "1/2-1/2"]
[BlackElo "2636"]
[WhiteElo "2595"]
[LiveChessVersion "1.4.8"]

1. d4 {[%clk 0:15:16]} d5 {[%clk 0:15:17]} 2. Nf3 {[%clk 0:15:24]} Nf6
{[%clk 0:15:23]} 3. Bf4 {[%clk 0:15:33]} e6 {[%clk 0:15:22]} 4. e3
{[%clk 0:15:42]} Bd6 {[%clk 0:15:21]} 5. Bg3 {[%clk 0:15:46]} O-O
{[%clk 0:15:25]} 6. Bd3 {[%clk 0:15:54]} b6 {[%clk 0:15:31]} 7. Qe2
{[%clk 0:15:54]} c5 {[%clk 0:15:32]} 8. c3 {[%clk 0:16:02]} Bb7 {[%clk 0:15:00]}
9. Nbd2 {[%clk 0:16:05]} Nc6 {[%clk 0:14:55]} 10. Rd1 {[%clk 0:15:43]} Ne7
{[%clk 0:14:39]} 11. e4 {[%clk 0:12:11]} dxe4 {[%clk 0:14:06]} 12. Nxe4
{[%clk 0:12:15]} Bxe4 {[%clk 0:14:02]} 13. Bxe4 {[%clk 0:12:16]} Nxe4
{[%clk 0:14:09]} 14. Qxe4 {[%clk 0:12:23]} Nd5 {[%clk 0:13:50]} 15. dxc5
{[%clk 0:10:10]} Bxc5 {[%clk 0:13:57]} 16. O-O {[%clk 0:09:39]} Nf6
{[%clk 0:13:08]} 17. Qa4 {[%clk 0:09:34]} Qe8 {[%clk 0:12:49]} 18. Qc4
{[%clk 0:09:23]} a5 {[%clk 0:11:15]} 19. Ne5 {[%clk 0:07:43]} Rc8
{[%clk 0:10:56]} 20. Qe2 {[%clk 0:07:38]} Qa4 {[%clk 0:10:49]} 21. a3
{[%clk 0:06:41]} Rfd8 {[%clk 0:09:55]} 22. Qf3 {[%clk 0:05:22]} Qe4
{[%clk 0:08:41]} 23. Qxe4 {[%clk 0:04:52]} Nxe4 {[%clk 0:08:49]} 24. Nd7
{[%clk 0:04:48]} a4 {[%clk 0:08:37]} 25. Rd3 {[%clk 0:02:13]} b5 {[%clk 0:06:47]}
26. Rfd1 {[%clk 0:01:57]} Be7 {[%clk 0:06:54]} 27. Bf4 {[%clk 0:01:45]} Nf6
{[%clk 0:05:54]} 28. Nxf6+ {[%clk 0:01:14]} Bxf6 {[%clk 0:06:02]} 29. Kf1
{[%clk 0:01:17]} Kf8 {[%clk 0:05:58]} 30. Ke2 {[%clk 0:01:17]} Ke8
{[%clk 0:06:05]} 31. Bd6 {[%clk 0:00:35]} Rc4 {[%clk 0:05:39]} 32. g3
{[%clk 0:00:41]} g5 {[%clk 0:05:14]} 33. h3 {[%clk 0:00:34]} h5 {[%clk 0:05:17]}
34. Bb4 {[%clk 0:00:41]} Rxd3 {[%clk 0:05:14]} 35. Rxd3 {[%clk 0:00:41]} Be7
{[%clk 0:05:17]} 36. Re3 {[%clk 0:00:28]} Bf6 {[%clk 0:04:57]} 37. Rd3
{[%clk 0:00:37]} Be7 {[%clk 0:05:05]} 38. Re3 {[%clk 0:00:45]} Bf6
{[%clk 0:05:12]} 39. Kd3 {[%clk 0:00:45]} g4 {[%clk 0:04:30]} 40. hxg4
{[%clk 0:00:51]} Rxg4 {[%clk 0:04:38]} 41. Rf3 {[%clk 0:00:34]} Be7
{[%clk 0:04:26]} 42. Re3 {[%clk 0:00:43]} Bf6 {[%clk 0:03:41]} 43. Rf3
{[%clk 0:00:49]} Be7 {[%clk 0:03:50]} 44. Re3 {[%clk 0:00:59]} Bf6
{[%clk 0:03:58]} 45. Rf3 {[%clk 0:01:08]} Be7 {[%clk 0:04:04]} 46. Ke4 1/2-1/2